000
00245nam a22000977a 4500
999
_c
11571
_d
11571
008
190708b ||||| |||| 00| 0 eng d
020
_a
9789351770251
100
_a
Marino Andy
_9
7280
245
_a
Narendra Modi
260
_a
India
_b
HarperCollins
_c
2014